| 000 | 01079nam0a22002651 4500 | ||
|---|---|---|---|
| 001 | rc\470956 | ||
| 005 | 20250621095657.0 | ||
| 010 |
_a5-283-00026-5 _94500 |
||
| 035 | _a(NLR Aleph) 005714649 | ||
| 090 |
_a7414508 _c7414508 |
||
| 100 | _a20030616d1988 |||y0rusy50 ca | ||
| 101 | 0 | _arus | |
| 102 | _aRU | ||
| 105 | _aa ||||||||| | ||
| 200 | 1 |
_aКоррозия теплоэнергетического и ядерно-энергетического оборудования _fПеревод с болг. С.В. Цанева _gПод ред. П.А. Акользина |
|
| 210 |
_aМ. _cЭнергоатомиздат _d1988 |
||
| 215 |
_a223 с. _cил. _d22 |
||
| 300 | _aПеревод изд.: Корозия на теплоенергийни и ядерноенергийни обекти / Милко Йовчев (София. 1985) | ||
| 320 | _aБиблиогр.: с. 207-216 (226 назв.) | ||
| 700 | 1 |
_aЙовчев _bМ.П. _gМилко Петров |
|
| 801 | 0 |
_aRU _bNLR _gpsbo |
|
| 801 | 1 |
_aRU _bELAR _2rusmarc |
|
| 852 |
_aNLR _j89-5/638 |
||
| 942 | _cBOOK | ||
| 980 | _aNB | ||